British Rulers - Statistics

General Stats
  • This quiz has been taken 65 times
    40 since last reset
  • The average score is 9 of 14
Answer Stats
Hint Answer % Correct
1952 - today Elizabeth II
97%
1837 - 1901 Victoria
85%
1760 - 1820 George III
68%
1066 - 1087 William I
68%
1660 - 1685 Charles II
65%
1216 - 1272 Henry III
65%
1189 - 1199 Richard I
65%
1603 - 1625 James I
62%
1307 - 1327 Edward II
56%
1399 - 1413 Henry IV
56%
1377 - 1399 Richard II
50%
1483 - 1485 Richard III
50%
1461 - 1470, 1471 - 1483 Edward IV
47%
1199 - 1216 John I
47%
No matching quizzes found
Score Distribution
Percent of People with Each Score
Percentile by Number Answered
Your Score History
You have not taken this quiz since the last reset